[Event "Sochi City Park op"]
[Site "Sochi"]
[Date "2022.09.18"]
[Round "4"]
[White "Birjukov, Sergey"]
[Black "Gubernatorov, Sergey"]
[Result "0-1"]
[WhiteElo "1867"]
[BlackElo "2196"]
[PlyCount "38"]
[EventDate "2022.09.15"]
[EventType "swiss"]
[EventRounds "9"]
[EventCountry "RUS"]
[SourceTitle "EXT 2023"]
[Source "ChessBase"]
[SourceDate "2022.10.05"]
[SourceVersion "1"]
[SourceVersionDate "2022.10.05"]
[SourceQuality "1"]

1. d4 Nf6 2. Nf3 g6 3. Bf4 c5 4. e3 Bg7 5. c3 cxd4 6. exd4 0-0 7. Bd3 d6 8. 0-0 Nc6 9. h3 h6 10. Bh2 Nh5 11. d5 Ne5 12. Be2 Nxf3+ 13. Bxf3 Nf6 14. Re1 Nd7 15. Nd2 Ne5 16. Be2 g5 17. Nf3 Ng6 18. Nd4 Qb6 19. Qd2 f5 0-1

[Event "Anapa Sea Harbor Cup"]
[Site "Anapa"]
[Date "2022.06.05"]
[Round "4"]
[White "Bimiev, Ahmad"]
[Black "Birjukov, Sergey"]
[Result "1-0"]
[WhiteElo "2235"]
[BlackElo "1926"]
[PlyCount "55"]
[EventDate "2022.06.02"]
[EventType "swiss"]
[EventRounds "9"]
[EventCountry "RUS"]
[SourceTitle "CBM 208 Extra"]
[Source "ChessBase"]
[SourceDate "2022.07.31"]
[SourceVersion "1"]
[SourceVersionDate "2022.07.31"]
[SourceQuality "1"]

1. c4 e6 2. g3 d5 3. Bg2 Nf6 4. Nf3 Be7 5. 0-0 0-0 6. b3 Nbd7 7. Bb2 b6 8. Nc3 Bb7 9. cxd5 Nxd5 10. Qc2 c5 11. Nxd5 exd5 12. d4 Rc8 13. Rfd1 Bf6 14. Bh3 Rc7 15. Rac1 Re8 16. Ba3 c4 17. bxc4 Rxc4 18. Qf5 Nb8 19. Rxc4 dxc4 20. Qc2 Bxf3 21. exf3 b5 22. d5 Qa5 23. Bc1 Re1+ 24. Rxe1 Qxe1+ 25. Kg2 g6 26. Be3 c3 27. Qe4 Qd1 28. Bh6 1-0

[Event "Kerch Panticapaeum Cup"]
[Site "Kerch"]
[Date "2021.09.16"]
[Round "5"]
[White "Kobzar, Alexandr"]
[Black "Birjukov, Sergey"]
[Result "1-0"]
[WhiteElo "2148"]
[BlackElo "2018"]
[PlyCount "80"]
[EventDate "2021.09.12"]
[EventType "swiss"]
[EventRounds "9"]
[EventCountry "RUS"]
[SourceTitle "CBM 204 Extra"]
[Source "ChessBase"]
[SourceDate "2021.11.30"]
[SourceVersion "1"]
[SourceVersionDate "2021.11.30"]
[SourceQuality "1"]

1. e4 e6 2. Qe2 c5 3. f4 Nc6 4. Nf3 g6 5. d3 Bg7 6. Nc3 Nge7 7. g3 0-0 8. Bg2 d6 9. 0-0 e5 10. fxe5 dxe5 11. Bg5 h6 12. Be3 b6 13. Qd2 Kh7 14. Nd5 Nxd5 15. exd5 Nd4 16. c3 Nxf3+ 17. Rxf3 f5 18. c4 g5 19. Kh1 f4 20. gxf4 exf4 21. Bg1 Qf6 22. Rf2 Bf5 23. Rd1 Rae8 24. b4 Re3 25. Qxe3 fxe3 26. Rxf5 e2 27. Re1 Qb2 28. Rxf8 Bxf8 29. Bf3 Qxa2 30. Rxe2 Qa1 31. Re6 cxb4 32. d6 b3 33. Be4+ Kg7 34. Kg2 Qa2+ 35. Kg3 Qa1 36. Kg2 Qa2+ 37. Kg3 Qa1 38. Kg2 h5 39. d7 Qb2+ 40. Kh1 Bc5 1-0

[Event "Sochi Lobanov Memorial"]
[Site "Sochi"]
[Date "2021.06.17"]
[Round "3"]
[White "Birjukov, Sergey"]
[Black "Gochelashvili, David"]
[Result "1-0"]
[WhiteElo "2112"]
[BlackElo "2411"]
[PlyCount "61"]
[EventDate "2021.06.15"]
[EventType "swiss"]
[EventRounds "9"]
[EventCountry "RUS"]
[SourceTitle "CBM 203 Extra"]
[Source "ChessBase"]
[SourceDate "2021.09.30"]
[SourceVersion "1"]
[SourceVersionDate "2021.09.30"]
[SourceQuality "1"]

1. d4 Nf6 2. Nf3 g6 3. Bf4 d6 4. e3 Nh5 5. Bg5 h6 6. Bh4 g5 7. Nfd2 Ng7 8. Bg3 Nf5 9. Bd3 Bg7 10. c3 h5 11. Qc2 Nxd4 12. exd4 h4 13. 0-0 Nd7 14. Nf3 e6 15. Nbd2 Nb6 16. Ne4 Bh6 17. c4 f5 18. Nc3 hxg3 19. hxg3 g4 20. Nh4 Bg5 21. c5 dxc5 22. dxc5 Bxh4 23. cxb6 axb6 24. Rad1 Qf6 25. Nb5 Qh6 26. Bxf5 exf5 27. gxh4 Qxh4 28. Rfe1+ Kf8 29. Kf1 Ra5 30. Qxc7 Rxb5 31. Rd8+ 1-0

[Event "Sochi Tseshkovsky Memorial op"]
[Site "Sochi"]
[Date "2014.09.23"]
[Round "7"]
[White "Birjukov, Sergey"]
[Black "Dmitrenko, Viktor"]
[Result "0-1"]
[WhiteElo "2175"]
[BlackElo "2357"]
[PlyCount "66"]
[EventDate "2014.09.17"]
[EventType "swiss"]
[EventRounds "9"]
[EventCountry "RUS"]
[SourceTitle "CBM 162 Extra"]
[Source "ChessBase"]
[SourceDate "2014.10.17"]
[SourceVersion "1"]
[SourceVersionDate "2014.10.17"]
[SourceQuality "1"]

1. d4 g6 2. Nf3 Bg7 3. c4 c5 4. d5 d6 5. Nc3 f5 6. g3 Bxc3+ 7. bxc3 Qa5 8. Qb3 Nd7 9. Bg2 Ngf6 10. 0-0 Nb6 11. Nd2 Bd7 12. Re1 0-0-0 13. Rb1 Ng4 14. h3 Nf6 15. Kh2 Rhe8 16. e4 e5 17. f3 Nh5 18. Bf1 Rf8 19. Bd3 Rf7 20. Nf1 Qa6 21. Bg5 Rdf8 22. Bh6 Rg8 23. exf5 Bxf5 24. Bxf5+ gxf5 25. g4 fxg4 26. hxg4 Rxf3 27. gxh5 Nxc4 28. Qc2 e4 29. Qe2 Ne5 30. Ne3 Rf6 31. Qxa6 bxa6 32. Re2 Rxh6 33. Kh1 Nf3 0-1

[Event "Monastir Slama Memorial 4th"]
[Site "Monastir"]
[Date "2014.09.05"]
[Round "6"]
[White "Birjukov, Sergey"]
[Black "Meddeb, Anis"]
[Result "1-0"]
[WhiteElo "2175"]
[BlackElo "2126"]
[PlyCount "51"]
[EventDate "2014.09.01"]
[EventType "swiss"]
[EventRounds "9"]
[EventCountry "TUN"]
[SourceTitle "EXT 2015"]
[Source "ChessBase"]
[SourceDate "2014.11.20"]
[SourceVersion "1"]
[SourceVersionDate "2014.11.20"]
[SourceQuality "1"]

1. d4 Nf6 2. c4 e6 3. g3 Be7 4. Bg2 0-0 5. e4 d6 6. Nc3 e5 7. Nge2 Bg4 8. f3 Be6 9. d5 Bc8 10. Be3 Nbd7 11. 0-0 Ne8 12. Qd2 g6 13. g4 Ng7 14. Ng3 Nb6 15. b3 f5 16. gxf5 gxf5 17. f4 exf4 18. Bxf4 Bf6 19. Rad1 a5 20. c5 dxc5 21. e5 Be7 22. Kh1 a4 23. Bh6 Kh8 24. e6 axb3 25. axb3 Bxe6 26. Bxg7+ 1-0

[Event "Golubitskaya op"]
[Site "Golubitskaya"]
[Date "2014.06.21"]
[Round "1"]
[White "Markarov, Vladimir"]
[Black "Birjukov, Sergey"]
[Result "0-1"]
[WhiteElo "1804"]
[BlackElo "2219"]
[PlyCount "66"]
[EventDate "2014.06.21"]
[EventType "swiss"]
[EventRounds "9"]
[EventCountry "RUS"]
[SourceTitle "EXT 2015"]
[Source "ChessBase"]
[SourceDate "2014.11.20"]
[SourceVersion "1"]
[SourceVersionDate "2014.11.20"]
[SourceQuality "1"]

1. e4 e6 2. d4 d5 3. Nd2 Nf6 4. e5 Nfd7 5. c3 c5 6. Bd3 b6 7. Ne2 Ba6 8. Nf3 Bxd3 9. Qxd3 Nc6 10. a3 Be7 11. h4 h6 12. Rh3 Na5 13. Nf4 c4 14. Qc2 Nb3 15. Rb1 Nf8 16. h5 Bg5 17. Be3 Qe7 18. Rg3 0-0-0 19. Nd2 Nxd2 20. Qxd2 f6 21. Nh3 Nh7 22. Qe2 Rhf8 23. Qc2 f5 24. Bf4 Rf7 25. Qa4 Kb7 26. Qb4 Qe8 27. Bxg5 a5 28. Bxd8 axb4 29. Bh4 Qa4 30. cxb4 Qc2 31. Rd1 Qe4+ 32. Kf1 Qxh4 33. Rg6 Qxh5 0-1

[Event "Moscow op-E"]
[Site "Moscow"]
[Date "2011.02.01"]
[Round "4.51"]
[White "Birjukov, Sergey"]
[Black "Maletin, Pavel"]
[Result "0-1"]
[WhiteElo "2210"]
[BlackElo "2621"]
[PlyCount "69"]
[EventDate "2011.01.29"]
[EventType "swiss"]
[EventRounds "9"]
[EventCountry "RUS"]
[SourceTitle "EXT 2022"]
[Source "ChessBase"]
[SourceDate "2021.10.06"]
[SourceVersion "1"]
[SourceVersionDate "2021.10.06"]
[SourceQuality "1"]

1. d4 Nf6 2. c4 e6 3. Nf3 Bb4+ 4. Bd2 c5 5. Bxb4 cxb4 6. Nbd2 0-0 7. e4 d6 8. Bd3 e5 9. 0-0 Bg4 10. h3 Bxf3 11. Nxf3 Nfd7 12. Qd2 Qb6 13. Bc2 Nc6 14. Rfd1 Rad8 15. Rac1 Qa5 16. Bb1 Rfe8 17. d5 Ncb8 18. Nh4 Qb6 19. Qg5 f6 20. Qg4 Nc5 21. Nf5 g6 22. h4 Kh8 23. Ne3 Qc7 24. h5 Qg7 25. g3 Kg8 26. Kg2 Kf7 27. Rh1 Rh8 28. f4 Nbd7 29. Rcf1 Rc8 30. h6 Qf8 31. Qh4 Ke7 32. Rf2 exf4 33. gxf4 g5 34. fxg5 Rg8 35. Qh3 0-1

[Event "Stavropol Region-ch"]
[Site "Kislovodsk"]
[Date "2009.10.04"]
[Round "2"]
[White "Tekeyev, Zaur"]
[Black "Birjukov, Sergey"]
[Result "1-0"]
[WhiteElo "2053"]
[BlackElo "2248"]
[PlyCount "116"]
[EventDate "2009.10.03"]
[EventType "swiss"]
[EventRounds "9"]
[EventCountry "RUS"]
[SourceTitle "EXT 2022"]
[Source "ChessBase"]
[SourceDate "2021.10.06"]
[SourceVersion "1"]
[SourceVersionDate "2021.10.06"]
[SourceQuality "1"]

1. e4 e6 2. d4 d5 3. Nd2 Nf6 4. e5 Nfd7 5. Bd3 c5 6. c3 Nc6 7. Ne2 cxd4 8. cxd4 Nb6 9. 0-0 Bd7 10. a4 a5 11. f4 g6 12. Nf3 h5 13. Ng5 Rc8 14. Rf2 Rc7 15. Bb1 Qc8 16. Nc3 Ne7 17. Qb3 Rc6 18. Rc2 Nf5 19. Nf3 Bb4 20. Bd2 0-0 21. h3 Nc4 22. Be1 Nce3 23. Re2 Rb6 24. Bxf5 Nxf5 25. g4 hxg4 26. hxg4 Nh6 27. Rg2 Qc4 28. Qc2 Rc8 29. Qf2 Bf8 30. Qh4 Qd3 31. Qg3 Rb3 32. Rd2 Qc4 33. Rh2 Bg7 34. Rc1 Qb4 35. Rcc2 Qb6 36. f5 exf5 37. Nxd5 Qe6 38. Nf4 Qb6 39. Rxc8+ Bxc8 40. Rc2 Bd7 41. g5 Ng4 42. Bc3 Nxe5 43. Nd5 Nxf3+ 44. Qxf3 Qxd4+ 45. Bxd4 Rxf3 46. Nf6+ Bxf6 47. Bxf6 Rg3+ 48. Kf2 Rd3 49. Rc7 Rd2+ 50. Ke3 Rd6 51. Rxb7 Re6+ 52. Kf2 Bc6 53. Rb8+ Re8 54. Rb3 Re4 55. Rh3 Rf4+ 56. Ke3 Rf3+ 57. Rxf3 Bxf3 58. Kxf3 Kf8 1-0

[Event "Moscow op-B"]
[Site "Moscow"]
[Date "2009.02.06"]
[Round "7"]
[White "Pankratov, Oleg"]
[Black "Birjukov, Sergey"]
[Result "0-1"]
[WhiteElo "1400"]
[BlackElo "2287"]
[PlyCount "80"]
[EventDate "2009.01.31"]
[EventType "swiss"]
[EventRounds "9"]
[EventCountry "RUS"]
[SourceTitle "EXT 2012"]
[Source "ChessBase"]
[SourceDate "2011.11.24"]
[SourceVersion "1"]
[SourceVersionDate "2011.11.24"]
[SourceQuality "1"]

1. d4 Nf6 2. c4 c6 3. Nf3 d5 4. e3 Bf5 5. Nc3 e6 6. Nh4 Bg4 7. Qb3 Qb6 8. h3 Bh5 9. g4 Bg6 10. Nxg6 hxg6 11. Bg2 Nbd7 12. Bd2 Be7 13. g5 Nh5 14. h4 0-0 15. Qd1 dxc4 16. Bf3 e5 17. Bxh5 gxh5 18. Qxh5 exd4 19. exd4 Qxd4 20. 0-0-0 Ne5 21. Qe2 Nd3+ 22. Kb1 Bc5 23. Be3 Qe5 24. Qf3 Bxe3 25. fxe3 Rae8 26. Rh3 b5 27. Rd2 Nxb2 28. Kxb2 b4 29. e4 Rb8 30. Kc1 bxc3 31. Qxc3 Qxe4 32. Qc2 Qe5 33. Rc3 Rfe8 34. Rd1 Re7 35. Rf1 Reb7 36. Rcf3 Qa1+ 37. Kd2 Qd4+ 38. Kc1 Rb2 39. Qc3 Rb1+ 40. Kc2 R8b2+ 0-1

[Event "Moscow op-B"]
[Site "Moscow"]
[Date "2009.02.01"]
[Round "2"]
[White "Birjukov, Sergey"]
[Black "Rasstriguine, Andrei"]
[Result "1-0"]
[WhiteElo "2287"]
[BlackElo "2111"]
[PlyCount "127"]
[EventDate "2009.01.31"]
[EventType "swiss"]
[EventRounds "9"]
[EventCountry "RUS"]
[SourceTitle "EXT 2012"]
[Source "ChessBase"]
[SourceDate "2011.11.24"]
[SourceVersion "1"]
[SourceVersionDate "2011.11.24"]
[SourceQuality "1"]

1. d4 d5 2. Nf3 Nf6 3. c4 e6 4. g3 Be7 5. Bg2 0-0 6. Qc2 c6 7. 0-0 b5 8. b3 bxc4 9. bxc4 Nbd7 10. Bf4 c5 11. Nc3 Ba6 12. cxd5 exd5 13. Rab1 Bc4 14. Rfd1 Qa5 15. Ne5 cxd4 16. Rxd4 Nxe5 17. Bxe5 Rac8 18. Bh3 Rc6 19. Rb7 Bc5 20. Rf4 Qa6 21. Qb2 Rb6 22. Rxb6 Qxb6 23. Qxb6 axb6 24. Bg2 Nd7 25. Bd4 Bd6 26. Rg4 Ne5 27. Bxe5 Bxe5 28. Bxd5 Ba6 29. Na4 Bxe2 30. Re4 Bd1 31. Nxb6 Bc7 32. Nd7 Bf3 33. Rd4 Bxd5 34. Nxf8 Bxa2 35. Nd7 f6 36. f4 Be6 37. Kg2 Kf7 38. Kf3 h5 39. Ke4 Ke7 40. Nc5 Bh3 41. Ra4 Bb6 42. Kd5 Bg2+ 43. Kc4 Kd6 44. Nb3 Bf1+ 45. Kc3 g5 46. Ra1 Bh3 47. Ra6 Kc7 48. Nd4 h4 49. Ra2 hxg3 50. hxg3 gxf4 51. gxf4 Kd6 52. Rh2 Bd7 53. Rh6 Kd5 54. Ne2 Bg4 55. Kd3 Bf5+ 56. Kd2 Ba5+ 57. Ke3 Bb6+ 58. Kf3 Ke6 59. Ng3 Bd3 60. Ne4 Bd4 61. Rh1 Kd5 62. Rh5+ Ke6 63. Ra5 Bc4 64. f5+ 1-0

[Event "Moscow op-B"]
[Site "Moscow"]
[Date "2009.02.01"]
[Round "3"]
[White "Erofeev, Alexey"]
[Black "Birjukov, Sergey"]
[Result "1-0"]
[WhiteElo "2195"]
[BlackElo "2287"]
[PlyCount "89"]
[EventDate "2009.01.31"]
[EventType "swiss"]
[EventRounds "9"]
[EventCountry "RUS"]
[SourceTitle "EXT 2012"]
[Source "ChessBase"]
[SourceDate "2011.11.24"]
[SourceVersion "1"]
[SourceVersionDate "2011.11.24"]
[SourceQuality "1"]

1. d4 d5 2. Bg5 h6 3. Bh4 c6 4. e3 Qb6 5. b3 e5 6. Nf3 Bg4 7. Be2 e4 8. Nfd2 Bxe2 9. Qxe2 Nd7 10. 0-0 Ngf6 11. c4 Qa6 12. f3 exf3 13. Qxf3 Bb4 14. e4 0-0 15. e5 Nh7 16. cxd5 cxd5 17. Qxd5 Nb6 18. Qe4 Rac8 19. Nf3 Qa5 20. a3 Rc7 21. Ra2 Rfc8 22. Re2 Bf8 23. e6 f6 24. Bg3 f5 25. Qd3 Re7 26. Re5 Qa6 27. Qxf5 Na8 28. Nh4 Nc7 29. d5 Nf6 30. Ng6 Nb5 31. Bh4 Nd4 32. Qf2 Qb6 33. Kh1 Rc2 34. Qg3 Qb5 35. Rfe1 Ne2 36. Qf2 Rec7 37. R5xe2 Rxe2 38. Qxe2 Qxe2 39. Rxe2 Nxd5 40. Nxf8 Kxf8 41. e7+ Ke8 42. Re1 g5 43. Bg3 Rc2 44. h4 g4 45. h5 1-0

[Event "Gagra op"]
[Site "Gagra"]
[Date "2008.09.26"]
[Round "9"]
[White "Nazaryev, Sergey"]
[Black "Birjukov, Sergey"]
[Result "1-0"]
[WhiteElo "2180"]
[BlackElo "2215"]
[PlyCount "71"]
[EventDate "2008.09.18"]
[EventType "swiss"]
[EventRounds "9"]
[EventCountry "GEO"]
[SourceTitle "EXT 2011"]
[Source "ChessBase"]
[SourceDate "2010.11.26"]
[SourceVersion "1"]
[SourceVersionDate "2010.11.26"]
[SourceQuality "1"]

1. c4 e6 2. d4 d5 3. Nc3 Be7 4. Nf3 Nf6 5. Bg5 0-0 6. Bxf6 Bxf6 7. cxd5 exd5 8. e3 Re8 9. Qb3 c6 10. Bd3 Qb6 11. Qc2 g6 12. 0-0 Nd7 13. Rab1 a5 14. a3 Nf8 15. b4 axb4 16. axb4 Be6 17. b5 Rec8 18. Na4 Qa7 19. Nc5 cxb5 20. Qe2 b6 21. Nxe6 Nxe6 22. Bxb5 Rc3 23. Qb2 Qc7 24. Rfc1 Rc8 25. Rxc3 Qxc3 26. g3 Ng5 27. Nxg5 Bxg5 28. Ba6 Qxb2 29. Rxb2 Rc1+ 30. Kg2 Bd8 31. Bb7 Kf8 32. Bxd5 Be7 33. h3 f6 34. g4 g5 35. Rb5 h6 36. Be4 1-0